|
|
|
|
| LEADER |
00000nam0a2200000 4500 |
| 001 |
117169 |
| 005 |
20231031123555.0 |
| 010 |
|
|
|a 5948360857
|
| 035 |
|
|
|a (RuTPU)RU\TPU\book\126815
|
| 090 |
|
|
|a 117169
|
| 100 |
|
|
|a 20070531d2006 km y0rusy50 ca
|
| 101 |
0 |
|
|a rus
|
| 102 |
|
|
|a RU
|
| 105 |
|
|
|a a z 000zy
|
| 200 |
1 |
|
|a Наноматериалы. Нанотехнологии. Наносистемная техника. Мировые достижения за 2005 год
|e сборник
|f под ред. П. П. Мальцева
|
| 210 |
|
|
|a Москва
|c Техносфера
|d 2006
|
| 215 |
|
|
|a 149 с.
|c ил.
|
| 225 |
1 |
|
|a Мир материалов и технологий
|
| 330 |
|
|
|a Приведены мировые новости за 2005 год, сгруппированные по разделам и охватывающие наноматериалы, наноэлектронику, нанодатчики и наноустроиства, диагностику наноструктур и наноматериалов, нанобиотехнологию и применение нанотехнологий в медицине. В книге с цветными иллюстрациями приведены примеры реализации и применения в области технологии формирования наноструктур, методов исследования наноматериалов, метрологическое обеспечение и основы технологии наносистемной техники. Сборник представляет интерес для ученых, инженеров и преподавателей высшей школы, аспирантов и студентов, специализирующихся в области нанотехнологии, наноматериалов, наноэлектроники, микро- и наноситемной техники.
|
| 610 |
1 |
|
|a наноматериалы
|
| 610 |
1 |
|
|a наноэлектроника
|
| 610 |
1 |
|
|a нанодатчики
|
| 610 |
1 |
|
|a наноустройства
|
| 610 |
1 |
|
|a наноструктуры
|
| 610 |
1 |
|
|a диагностика
|
| 610 |
1 |
|
|a нанобиотехнологии
|
| 610 |
1 |
|
|a медицина
|
| 610 |
1 |
|
|a мировые достижения
|
| 675 |
|
|
|a 620.22
|v 3
|
| 675 |
|
|
|a 539.2
|v 3
|
| 702 |
|
1 |
|a Мальцев
|b П. П.
|4 340
|
| 801 |
|
1 |
|a RU
|b 63413507
|c 20070531
|g PSBO
|
| 801 |
|
2 |
|a RU
|b 63413507
|c 20150602
|g PSBO
|
| 900 |
|
|
|a Основы нанохимии и наноматериалы медико-биологического назначения
|
| 942 |
|
|
|c BK
|
| 959 |
|
|
|a 46/20070529
|d 2
|e 175,00
|f АНЛ:1
|f ЧЗТЛ:1
|